书目信息 |
| 题名: |
英汉双解现代常用英语谚语辞典
|
|
| 作者: | ;西安外语学院英语系《英汉双解现代常用英语谚语辞典》编写组 编 | |
| 分册: | ||
| 出版信息: | 西安 陕西人民出版社 1987.05 |
|
| 页数: | 516页 | |
| 开本: | 21cm | |
| 丛书名: | ||
| 单 册: | ||
| 中图分类: | H313.3-61 | |
| 科图分类: | ||
| 主题词: | 英语--成语--丛书 | |
| 电子资源: | ||
| ISBN: | ||
| 000 | 00818nam0 2200205 45 | |
| 001 | 0504190977 | |
| 005 | 20061107152931.65 | |
| 010 | @b精装@dCNY3.70 | |
| 091 | @a9094.101 | |
| 100 | @a20050419d1987 km y0chiy0120 ea | |
| 101 | 0 | @achi |
| 105 | @a z 000yy | |
| 200 | 1 | @a英汉双解现代常用英语谚语辞典@AYing Han Shuang Jie Xian Dai Chang Yong Ying Yu Yan Yu Ci Dian@f西安外语学院英语系《英汉双解现代常用英语谚语辞典》编写组编@FXi An Wai Yu Xue Yuan Ying Yu Xi《Ying Han Shuang Jie Xian DaiChang Yong Ying Yu Yan Yu Ci Dian》Bian Xie Zu Bian |
| 210 | @a西安@c陕西人民出版社@d1987.05 | |
| 215 | @a516页@d21cm | |
| 606 | 0 | @a英语@x成语@x丛书 |
| 690 | @aH313.3-61@v3 | |
| 711 | 02 | @a西安外语学院英语系《英汉双解现代常用英语谚语辞典》编写组@4编 |
| 801 | @aCN@bPftUser@c20061107 | |
| 905 | @f2@b203161-162@dH313.3-61@e115 | |
| 英汉双解现代常用英语谚语辞典/西安外语学院英语系《英汉双解现代常用英语谚语辞典》编写组编.-西安:陕西人民出版社,1987.05 |
| 516页;21cm |
| ISBN (精装):CNY3.70 |
| ● |
| 相关链接 |
|
|
|
|
正题名:英汉双解现代常用英语谚语辞典
索取号:H313.3-61/115
 
预约/预借
| 序号 | 登录号 | 条形码 | 馆藏地/架位号 | 状态 | 备注 |
| 1 | 0203161 | 001383416 | 密集书库/ [索取号:H313.3-61/115] | 在馆 | |
| 2 | 0203162 | 002026505 | 工具书阅览室/ [索取号:H313.3-61/115] | 在馆 | |
| 3 | 0203163 | 202443285 | 第二样本阅览室/ [索取号:H313.3-61/115] | 在馆 |